000 00292nam a22001337a 4500
020 _a0-590-89800-0
082 _a823
_bWOL/B
100 _aWOLFF, VIRGINIA
245 _aBAT A NOVEL 6
260 _aNEW YORK
_bSCHOLASTIC
_c1999
300 _a230
650 _aNOVEL
_zUNITED STATES
942 _cBK
999 _c4998
_d4998